00742nam a2200241 a 4500001001300000003000900013005001700022008004100039020001000080082001600090100002200106245008100128260004700209300000900256500003500265505001300300650001800313700002200331902000800353942000700361952011700368999001500485nice12345678IN_TiNIC20260116012352.0050524s1986 sina grp 000 0 eng  ac10000a270.82bPER aPerkins, Harvey L aRoots for Visionb Reflections on the Gospel and the Churches`task in Re-Peo aSingapurbChristian Conference Indiac1986 a289p aincludes index and biblioraphy2 aAppendix aEcumenicalism1 aPerkins, Harvey L bSRS cBK 001040708StackRoom-aHMIbHMId2007-07-18g100.00l0o270.82 PERp012667r2007-07-18v100.00w2005-05-24yBK c6735d6735